PHARMACEUTICAL ORGANIC CHEMISTRY - I [ B.PHARMA, 2ND SEMESTER ] (Record no. 8650)

MARC details
000 -LEADER
fixed length control field 00558nam a22001817a 4500
005 - DATE AND TIME OF LATEST TRANSACTION
control field 20240920132329.0
008 - FIXED-LENGTH DATA ELEMENTS--GENERAL INFORMATION
fixed length control field 240918b |||||||| |||| 00| 0 eng d
020 ## - INTERNATIONAL STANDARD BOOK NUMBER
ISBN 978-93-87483-17-0
041 ## - LANGUAGE CODE
Language code of text/sound track or separate title eng
082 ## - DEWEY DECIMAL CLASSIFICATION NUMBER
Classification number 615.19
100 ## - MAIN ENTRY--AUTHOR NAME
Personal name MUKHTAR, DR. HAYAT.M. AND KSHIRSAGAR, DR. SANDIP SHARAD AND NASEER, DR. MD. ARIF
245 ## - TITLE STATEMENT
Title PHARMACEUTICAL ORGANIC CHEMISTRY - I [ B.PHARMA, 2ND SEMESTER ]
250 ## - EDITION STATEMENT
Edition statement 1ST ED. 2018
260 ## - PUBLICATION, DISTRIBUTION, ETC. (IMPRINT)
Place of publication LUCKNOW
Name of publisher THAKUR PUBLICATION PVT.LTD
300 ## - PHYSICAL DESCRIPTION
Number of Pages 240;P
650 ## - SUBJECT ADDED ENTRY--TOPICAL TERM
Topical Term PHARMACY
General subdivision B.PHARMA
942 ## - ADDED ENTRY ELEMENTS (KOHA)
Koha item type Books
Holdings
Lost status Damaged status Collection code Home library Current library Shelving location Date acquired Source of acquisition Cost, normal purchase price Serial Enumeration / chronology Full call number Accession Number Koha item type
    PHARMACY JRU Library JRU Library SHELF-72-B 13/09/2024 PURCHASE 195.00 NEW ARRIVALS SHELF 615.19 28437 Books
    PHARMACY JRU Library JRU Library SHELF-17-D 13/09/2024 PURCHASE 195.00   615.19 28438 Books
    PHARMACY JRU Library JRU Library SHELF-17-D 13/09/2024 PURCHASE 195.00   615.19 28439 Books